000 00577nam a22001937a 4500
005 20150612113608.0
010 _aENG-113003
020 _a9788179103531
_c575.00
035 _aEN-96535
037 _bDBAD/PUB
082 _a480
100 _aSehgal, Vikrant
245 _aEnglish language usage and ELT /
_cby Vikrant Sehgal
260 _aJaipur
_bAvishkar Publishers
_c2013
270 _a807, Vyas Building, Chaura Rasta
_bJaipur
_e302003
300 _avii,164p.
_c22cm(Hb)
500 _aIncludes bibliographical references
942 _2ddc
_cEN
_mSEH
_h480
999 _c93491
_d93491